Strojárska ročenka 1984 /

Uložené v:
Podrobná bibliografia
Hlavný autor: Békés, Ján (Author)
Médium: Kniha
Jazyk:Slovak
Vydané: Bratislava : Alfa, 1983.
Vydanie:1. vyd.
ISBN: (viaz.)
Fyzický popis: 383 s.
Tagy: Pridať tag
Žiadne tagy, Buďte prvý kto otaguje tento záznam!

MARC

LEADER 00000nam a2200000 a 4500
001 000160607
005 20091129183409.0
008 970707s1983 xo slo d
020 |a (viaz.) 
040 |a SVKKK  |b slo  |c SVKKK  |e AACR2 
041 0 |a slo 
044 |a xo  |c SK 
245 0 0 |a Strojárska ročenka 1984 /  |c Ján Békés ... [et al.]. 
250 |a 1. vyd. 
260 |a Bratislava :  |b Alfa,  |c 1983. 
300 |a 383 s. 
700 1 |a Békés, Ján  |4 aut 
910 |a svkkk 
998 |a BK 
090 |g SCKHL  |k Sklad Pribinova 2. posch.  |a II.286566  |j 684356  |i 160607-10  |s Absenčne 
090 |g SCKHL  |k Sklad Pribinova 2. posch.  |a II.301791  |j 693807  |i B277110  |s Absenčne